00246nam a2200109Ia 4500008004100000020001800041041000800059082000800067245002600075260002700101300000800128230822s1999 xx 000 0 und d a81-239-0078-3 aeng a729 aA BOOK OF HOME PLANS. bC.B.S PUBLISHERSc1999 a229